00596nam a22001577a 4500003000500000022001500005082001600020100002700036245008000063260001700143300001500160505010400175942001200279999001900291952012800310NUST a8181284992 a572.802,ISA aIsaev, Alexander98012 aIntroduction to mathematical methods in bioinformatics /cAlexander Isaev,  aSpringc2004 axiiii, 294 aPart.I Sequence analysis (Page-3), Part.II Mathematical background for sequence analysis (Page-145) 2ddccBK c591772d591772 00102ddc4070aMCSbMCScGENd2022-10-13l0o572.802,ISApMCS34472r2022-10-13w2022-10-13yBKzAlmirah No.25, Shelf No.6